000 00481nam a2200181Ia 4500
008 230524s9999 xx 000 0 und d
020 _a8120315022
082 _a515.132
_bMOT
100 _aJoe L.Mott
245 0 _aDiscrete Mathematics For Computer Scientists & Mathematicians
250 _a2ND
260 _aNEW DELHI
_bPHI
_c2001
300 _a751
500 _aQuantity Number: 8
650 _aMathematics
700 _a" Abrahamkandel,Theodione P.Baker,,,"
942 _cBK
999 _c8649
_d8649